| 000 | 01169nam a22002057a 4500 | ||
|---|---|---|---|
| 999 |
_c58931 _d58931 |
||
| 003 | Ge_BSU | ||
| 005 | 20221020144118.0 | ||
| 008 | 221020s2022 ge ||||| |||| 00| 0 geo d | ||
| 041 | _ageo | ||
| 080 | _a37 დ-25 | ||
| 245 |
_aდაწევისა და დაჩქარებული სწავლების კურიკულუმი განათლების მიღების მეორე შესაძლებლობისთვის / _bსაბაზო საფეხური. |
||
| 264 |
_a[თბილისი], _c2022. |
||
| 300 |
_a351 გვ. ; _b30 სმ. |
||
| 500 | _aპუბლიკაცია იბეჭდება გაეროს ბავშვთა ფონდის მიერ ნორვეგიის მთავრობის ფინანსური მხარდაჭერით. | ||
| 504 | _aბიბლიოგრ. გვ. 348-351 | ||
| 653 | _aგანათლება | ||
| 653 | _aსწავლების კურიკულუმი | ||
| 856 |
_uhttp://inclusion.ge/res/docs/2022060916172316929.pdf _yელ. ვერსია. pdf |
||
| 942 |
_2udc _cBK |
||